The secret Leopard [
| Format: | Book |
|---|---|
| Published: |
s.l. :
National Geographic ,
19__
|
| Subjects: |
MARC
| LEADER | 00000cam a2200000 7i4500 | ||
|---|---|---|---|
| 001 | 0000002208 | ||
| 002 | 000002408 | ||
| 005 | 20021009.0 | ||
| 020 | |a 000002408 | ||
| 090 | 0 | 0 | |a 636.89 |b SEC |
| 245 | 0 | 4 | |a The secret Leopard [ |h video recording] |
| 260 | |a s.l. : |b National Geographic , |c 19__ | ||
| 300 | |a 1 Video recording VHS (50 minutes) : |b col.(PAL) | ||
| 500 | |a Library has 1 copy | ||
| 650 | 0 | 0 | |a Leopard |x Behariour |
| 999 | |a 00105 |b VIDEO |c KOLEKSI AUDIO VIDEO |e PERPUSTAKAAN KOMUNITI PETALING JAYA | ||